A Handbook for Company Directors in Pakistan / (Record no. 36701)

MARC details
000 -LEADER
fixed length control field 00401nam a22001577a 4500
005 - DATE AND TIME OF LATEST TRANSACTION
control field 20241021142305.0
008 - FIXED-LENGTH DATA ELEMENTS--GENERAL INFORMATION
fixed length control field 241021b |||||||| |||| 00| 0 eng d
082 ## - DEWEY DECIMAL CLASSIFICATION NUMBER
Classification number 346.954
Item number SAF-A
100 ## - MAIN ENTRY--AUTHOR
Author Name Safdar A Butt
245 ## - TITLE STATEMENT
Title A Handbook for Company Directors in Pakistan /
Statement of responsibility, etc. Safdar A Butt
260 ## - PUBLICATION, DISTRIBUTION, ETC.
Place of Publication pakistan
Date of publication, distribution, etc. 2017
300 ## - PHYSICAL DESCRIPTION
Pages 325p.
650 ## - SUBJECT ADDED ENTRY--TOPICAL TERM
Subject / Department Reference
300 ## - PHYSICAL DESCRIPTION
-- 24cm.
952 ## - LOCATION AND ITEM INFORMATION (KOHA)
-- 0
-- 0
Holdings
Lost status Damaged status Collection code Permanent Location Current Location Shelving Location Date acquired Full Call Number Accession No./Barcode Date last seen item type Koha item type
    Literature/Urdu/eng/Islamic Superior Information Resource Center (SIRC) Superior University- Main Campus Superior Information Resource Center (SIRC) Superior University- Main Campus Reference 10/21/2024 346.954 SAF-A 2017 29563 10/21/2024 BOOK BOOK

Powered by Koha